000 00873nam a2200289Ia 4500
001 Z_2123
003 CHAP
008 220113s1995 xx 000 0 und d
010 _a165197
040 _cCHAP
090 _aTesis E 1042
100 _aEsparza Espinoza, Renato
_937752
245 _aEvaluación del efecto pigmentante de un extracto de carotenoides del Achiote (Bixa orellana L.) en la yema de huevo /
_cpor Renato Esparza Espinoza
260 _aChapingo, Méx. :
_bEl autor,
_c1995
300 _a45 h.
502 _aTesis (Ing. Agr. Esp. en Zootecnia) -- UACH. Departamento de Zootecnia
650 _aBixa orellana
_912967
650 _aCarotenoides
_919267
650 _aPigmentos vegetales
_988057
650 _aYema de huevo
_9123067
901 _aTESIS E 1042
902 _aM
910 _a1995
942 _c2
942 _c2
999 _c165197
_d165197